Walker Evans
Αποθηκεύτηκε σε:
| Κύριος συγγραφέας: | |
|---|---|
| Συλλογικό Έργο: | , , |
| Μορφή: | Βιβλίο |
| Γλώσσα: | English |
| Δημοσίευση: |
New York :
Metropolitan Museum of Art in association with Princeton University Press, Princeton,
c2000
|
| Θέματα: | |
| Ετικέτες: |
Προσθήκη ετικέτας
Δεν υπάρχουν, Καταχωρήστε ετικέτα πρώτοι!
|
MARC
| LEADER | 00000nam a2200000 i 4500 | ||
|---|---|---|---|
| 001 | 1/84734 | ||
| 008 | 050905s2000 eng d | ||
| 020 | |a 0-87099-937-0 | ||
| 035 | |l 10080094 | ||
| 040 | |a GR-MY-UA |b gre |e aacr | ||
| 041 | 0 | |a eng | |
| 082 | 0 | |a 779.092 |2 (22) | |
| 100 | 1 | |a Hambourg, Maria Morris. | |
| 245 | 1 | 0 | |a Walker Evans / |c Maria Morris Hambourg ...[et al.] |
| 260 | |a New York : |b Metropolitan Museum of Art in association with Princeton University Press, Princeton, |c c2000 | ||
| 300 | |a xiii, 318 σ.; |b εικ., έγχρ. εικ.; |c 31 εκ. | ||
| 500 | |a Εκδόθηκε από κοινού με την έκθεση που πραγματοποιήθηκε στο Metropolitan Museum of Art, της Νέας Υόρκης, Φεβρουάριος 1-Μάϊος 14, 2000 ; the San Francisco Museum of Modern Art, Ιούνιος 2-Σεπτέμβριιος 12, 2000 ; and the Museum of Fine Arts, Houston, Δεκέμβριος 17, 2000-Μάρτιος 11, 2001 | ||
| 504 | |a Περιέχει βιβλιογραφία και ευρετήριο | ||
| 600 | 1 | 0 | |a Evans Walker |d 1903-1975 |x Exhibitions. |
| 650 | 0 | 0 | |a Photography, Artistic |x Exhibitions. |
| 710 | 2 | |a Metropolitan Museum of Art (New York, N.Y.) | |
| 710 | 2 | |a San Francisco Museum of Modern Art. | |
| 710 | 2 | |a Museum of Fine Arts, Houston. | |
| 852 | |a INST |b LESVOS |e 20050905 |h 779.092 HAM |p 005100031958 |q 005100031958 |t BK |y 0 | ||
| 901 | |a BIBL1-2005-2 | ||
| 909 | |a Λ |b 113896 | ||
| 920 | |a ΔΙΕΥΡΥΝΣΗ |b ΕΠΕΑΕΚ-ΠΤΕ |y ΛΕΣΒΟΣ |z 2004-10 | ||
| 970 | |a ΚΑΡΑ |b ΓΙΑΣΕΜΗ |z 2005/09/05 | ||